000 00296nam a22001337a 4500
008 170911b xxu||||| |||| 00| 0 eng d
020 _a9780226322926
041 _aeng
080 _a53
100 _a43
101 _aFIZ
245 _aTHE AGE OF EVERYTHING
_cHEDMAN.M
942 _2udc
_cBK
999 _c27217
_d27217